<?xml version="1.0" encoding="UTF-8"?>
<record
    xmlns:xsi="http://www.w3.org/2001/XMLSchema-instance"
    xsi:schemaLocation="http://www.loc.gov/MARC21/slim http://www.loc.gov/standards/marcxml/schema/MARC21slim.xsd"
    xmlns="http://www.loc.gov/MARC21/slim">

  <leader>01728nam a22002657a 4500</leader>
  <controlfield tag="003">Uzh_bibl</controlfield>
  <controlfield tag="008">260429b        |||||||| |||| 00| 0 ukr d</controlfield>
  <datafield tag="020" ind1=" " ind2=" ">
    <subfield code="a">966-7492-01-&#x425;</subfield>
    <subfield code="c">50.00</subfield>
  </datafield>
  <datafield tag="040" ind1=" " ind2=" ">
    <subfield code="b">&#x443;&#x43A;&#x440;.</subfield>
  </datafield>
  <datafield tag="041" ind1=" " ind2=" ">
    <subfield code="2">ukr</subfield>
    <subfield code="a">ukr</subfield>
  </datafield>
  <datafield tag="080" ind1=" " ind2=" ">
    <subfield code="a">340.12</subfield>
  </datafield>
  <datafield tag="090" ind1=" " ind2=" ">
    <subfield code="a">340.12</subfield>
    <subfield code="b">&#x42E;70</subfield>
  </datafield>
  <datafield tag="100" ind1=" " ind2=" ">
    <subfield code="a">-</subfield>
  </datafield>
  <datafield tag="245" ind1=" " ind2=" ">
    <subfield code="a">&#x42E;&#x440;&#x438;&#x434;&#x438;&#x447;&#x43D;&#x430; &#x435;&#x43D;&#x446;&#x438;&#x43A;&#x43B;&#x43E;&#x43F;&#x435;&#x434;&#x456;&#x44F; &#x432; 6 &#x442;&#x43E;&#x43C;&#x430;&#x445;</subfield>
    <subfield code="c">&#x420;&#x435;&#x434;&#x43A;&#x43E;&#x43B;. &#x42E;.&#x421;.&#x428;&#x435;&#x43C;&#x448;&#x443;&#x447;&#x435;&#x43D;&#x43A;&#x43E;</subfield>
    <subfield code="h">&#x422;&#x435;&#x43A;&#x441;&#x442;</subfield>
  </datafield>
  <datafield tag="260" ind1=" " ind2=" ">
    <subfield code="a">&#x41A;&#x438;&#x457;&#x432;</subfield>
    <subfield code="b">"&#x423;&#x43A;&#x440;&#x430;&#x457;&#x43D;&#x441;&#x44C;&#x43A;&#x430; &#x435;&#x43D;&#x446;&#x438;&#x43A;&#x43B;&#x43E;&#x43F;&#x435;&#x434;&#x456;&#x44F;" &#x456;&#x43C;&#x435;&#x43D;&#x456; &#x41C;.&#x41F;.&#x411;&#x430;&#x436;&#x430;&#x43D;&#x430;</subfield>
    <subfield code="c">1998</subfield>
  </datafield>
  <datafield tag="300" ind1=" " ind2=" ">
    <subfield code="a">672 &#x441;.</subfield>
    <subfield code="b">&#x456;&#x43B;.</subfield>
    <subfield code="f">&#x412; &#x43E;&#x43F;&#x440;.</subfield>
  </datafield>
  <datafield tag="490" ind1=" " ind2=" ">
    <subfield code="v">&#x422;.1</subfield>
  </datafield>
  <datafield tag="520" ind1=" " ind2=" ">
    <subfield code="a">&#x42E;&#x440;&#x438;&#x434;&#x438;&#x447;&#x43D;&#x430;  &#x435;&#x43D;&#x446;&#x438;&#x43A;&#x43B;&#x43E;&#x43F;&#x435;&#x434;&#x456;&#x44F; - &#x43F;&#x435;&#x440;&#x448;&#x438;&#x439;  &#x432; &#x423;&#x43A;&#x440;&#x430;&#x457;&#x43D;&#x456; &#x431;&#x430;&#x433;&#x430;&#x442;&#x43E;&#x442;&#x43E;&#x43C;&#x43D;&#x438;&#x439; &#x441;&#x438;&#x441;&#x442;&#x435;&#x43C;&#x430;&#x442;&#x438;&#x437;&#x43E;&#x432;&#x430;&#x43D;&#x438;&#x439; &#x437;&#x432;&#x456;&#x442; &#x437;&#x43D;&#x430;&#x43D;&#x44C; &#x43F;&#x440;&#x43E; &#x434;&#x435;&#x440;&#x436;&#x430;&#x432;&#x443; &#x456; &#x43F;&#x440;&#x430;&#x432;&#x43E;. &#x412;&#x438;&#x434;&#x430;&#x43D;&#x43D;&#x44F; &#x43E;&#x445;&#x43E;&#x43F;&#x43B;&#x44E;&#x454; &#x443;&#x441;&#x456; &#x433;&#x430;&#x43B;&#x443;&#x437;&#x456; &#x43F;&#x440;&#x430;&#x432;&#x430;. &#x412;&#x438;&#x441;&#x432;&#x456;&#x442;&#x43B;&#x44E;&#x454; &#x432;&#x43D;&#x435;&#x441;&#x43E;&#x43A; &#x443;&#x43A;&#x440;&#x430;&#x457;&#x43D;&#x441;&#x44C;&#x43A;&#x43E;&#x457; &#x442;&#x430; &#x437;&#x430;&#x440;&#x443;&#x431;&#x456;&#x436;&#x43D;&#x43E;&#x457; &#x43D;&#x430;&#x443;&#x43A;&#x438; &#x443; &#x440;&#x43E;&#x437;&#x432;&#x438;&#x442;&#x43E;&#x43A; &#x44E;&#x440;&#x438;&#x441;&#x43F;&#x440;&#x443;&#x434;&#x435;&#x43D;&#x446;&#x456;&#x457;, &#x432;&#x456;&#x434;&#x43E;&#x431;&#x440;&#x430;&#x436;&#x430;&#x454; &#x441;&#x432;&#x456;&#x442;&#x43E;&#x432;&#x443; &#x442;&#x430; &#x43D;&#x430;&#x446;&#x456;&#x43E;&#x43D;&#x430;&#x43B;&#x44C;&#x43D;&#x443; &#x456;&#x441;&#x442;&#x43E;&#x440;&#x456;&#x44E; &#x434;&#x435;&#x440;&#x436;&#x430;&#x432;&#x43E;&#x442;&#x432;&#x43E;&#x440;&#x435;&#x43D;&#x43D;&#x44F;, &#x434;&#x456;&#x44F;&#x43B;&#x44C;&#x43D;&#x456;&#x441;&#x442;&#x44C; &#x43F;&#x440;&#x430;&#x432;&#x43E;&#x432;&#x438;&#x445; &#x456;&#x43D;&#x441;&#x442;&#x438;&#x442;&#x443;&#x446;&#x456;&#x439;. &#x420;&#x43E;&#x437;&#x43A;&#x440;&#x438;&#x432;&#x430;&#x44E;&#x442;&#x44C;&#x441;&#x44F; &#x43F;&#x440;&#x43E;&#x446;&#x435;&#x441;&#x438; &#x434;&#x435;&#x440;&#x436;&#x430;&#x432;&#x43D;&#x43E;&#x457; &#x456; &#x43F;&#x440;&#x430;&#x432;&#x43E;&#x432;&#x43E;&#x457; &#x440;&#x43E;&#x437;&#x431;&#x443;&#x434;&#x43E;&#x432;&#x438; &#x441;&#x443;&#x447;&#x430;&#x441;&#x43D;&#x43E;&#x457; &#x423;&#x43A;&#x440;&#x430;&#x457;&#x43D;&#x438;.
  &#x423; &#x43F;&#x435;&#x440;&#x448;&#x43E;&#x43C;&#x443; &#x442;&#x43E;&#x43C;&#x456; &#x43F;&#x43E;&#x434;&#x430;&#x43D;&#x43E; 1659 &#x441;&#x442;&#x430;&#x442;&#x435;&#x439;, &#x43A;&#x430;&#x440;&#x442;&#x438; &#x442;&#x430; &#x456;&#x43B;&#x44E;&#x441;&#x442;&#x440;&#x43E;&#x432;&#x430;&#x43D;&#x438;&#x439; &#x43C;&#x430;&#x442;&#x435;&#x440;&#x456;&#x430;&#x43B;.</subfield>
  </datafield>
  <datafield tag="521" ind1=" " ind2=" ">
    <subfield code="a">&#x414;&#x43B;&#x44F; &#x448;&#x438;&#x440;&#x43E;&#x43A;&#x43E;&#x433;&#x43E; &#x43A;&#x43E;&#x43B;&#x430; &#x447;&#x438;&#x442;&#x430;&#x447;&#x456;&#x432;</subfield>
  </datafield>
  <datafield tag="546" ind1=" " ind2=" ">
    <subfield code="a">&#x443;&#x43A;&#x440;.</subfield>
  </datafield>
  <datafield tag="650" ind1=" " ind2=" ">
    <subfield code="a">&#x414;&#x43E;&#x432;&#x456;&#x434;&#x43A;&#x43E;&#x432;&#x435; &#x432;&#x438;&#x434;&#x430;&#x43D;&#x43D;&#x44F;</subfield>
  </datafield>
  <datafield tag="653" ind1=" " ind2=" ">
    <subfield code="a">&#x406;&#x441;&#x442;&#x43E;&#x440;&#x456;&#x44F;</subfield>
    <subfield code="a">&#x420;&#x43E;&#x437;&#x432;&#x438;&#x442;&#x43E;&#x43A;</subfield>
    <subfield code="a">&#x41D;&#x430;&#x443;&#x43A;&#x430;</subfield>
  </datafield>
  <datafield tag="655" ind1=" " ind2=" ">
    <subfield code="a">&#x414;&#x43E;&#x432;&#x456;&#x434;&#x43A;&#x43E;&#x432;&#x430; &#x43B;&#x456;&#x442;&#x435;&#x440;&#x430;&#x442;&#x443;&#x440;&#x430;</subfield>
    <subfield code="v">&#x41A;&#x430;&#x440;&#x442;&#x438;</subfield>
    <subfield code="v">&#x421;&#x442;&#x430;&#x442;&#x442;&#x456;</subfield>
  </datafield>
  <datafield tag="942" ind1=" " ind2=" ">
    <subfield code="2">udc</subfield>
    <subfield code="c">BK</subfield>
  </datafield>
  <datafield tag="999" ind1=" " ind2=" ">
    <subfield code="c">17557</subfield>
    <subfield code="d">17557</subfield>
  </datafield>
  <datafield tag="952" ind1=" " ind2=" ">
    <subfield code="0">0</subfield>
    <subfield code="1">0</subfield>
    <subfield code="2">udc</subfield>
    <subfield code="4">0</subfield>
    <subfield code="7">0</subfield>
    <subfield code="a">F2</subfield>
    <subfield code="b">F2</subfield>
    <subfield code="c">ABP</subfield>
    <subfield code="d">2026-04-29</subfield>
    <subfield code="i">48638</subfield>
    <subfield code="o">340.12</subfield>
    <subfield code="p">19744</subfield>
    <subfield code="r">2026-04-29</subfield>
    <subfield code="w">2026-04-29</subfield>
    <subfield code="y">BK</subfield>
  </datafield>
</record>
